[Event "Pfalz op-A 11th"]
[Site "Neustadt an der Weinstrasse"]
[Date "2020.02.21"]
[Round "1"]
[White "Brendel, Bergit"]
[Black "Degenhard, Simon"]
[Result "0-1"]
[WhiteElo "2003"]
[BlackElo "2283"]
[PlyCount "58"]
[EventDate "2020.02.21"]
[EventType "swiss"]
[EventRounds "9"]
[EventCountry "GER"]
[SourceTitle "CBM 195 Extra"]
[Source "ChessBase"]
[SourceDate "2020.05.31"]
[SourceVersion "1"]
[SourceVersionDate "2020.05.31"]
[SourceQuality "1"]

1. e4 c5 2. Nf3 Nc6 3. d4 cxd4 4. Nxd4 g6 5. Nc3 Bg7 6. Nb3 Nf6 7. Be2 d6 8. Bg5 Be6 9. 0-0 Rc8 10. Kh1 a6 11. f4 b5 12. Bf3 Nd7 13. e5 dxe5 14. Ne4 f6 15. Bh4 exf4 16. Nbc5 Nxc5 17. Nxc5 Bc4 18. Re1 Ne5 19. Qxd8+ Rxd8 20. Be2 Rd6 21. Bxc4 bxc4 22. b3 Kf7 23. bxc4 Rc6 24. Bf2 Rhc8 25. Na4 Nxc4 26. Rab1 Bf8 27. Rb3 Na5 28. Rb4 Rxc2 29. Rxf4 Rxa2 0-1

[Event "Erfurt op-A 29th"]
[Site "Erfurt"]
[Date "2019.12.30"]
[Round "8"]
[White "Neukirchner, Pascal"]
[Black "Brendel, Bergit"]
[Result "1-0"]
[WhiteElo "2224"]
[BlackElo "1970"]
[PlyCount "47"]
[EventDate "2019.12.26"]
[EventType "swiss"]
[EventRounds "8"]
[EventCountry "GER"]
[SourceTitle "CBM 194 Extra"]
[Source "ChessBase"]
[SourceDate "2020.03.31"]
[SourceVersion "1"]
[SourceVersionDate "2020.03.31"]
[SourceQuality "1"]

1. d4 Nf6 2. c4 g6 3. f3 Bg7 4. e4 d6 5. Nc3 0-0 6. Bg5 Nc6 7. Nge2 a6 8. Qd2 Bd7 9. d5 Na5 10. Ng3 c5 11. Bh6 b5 12. h4 e5 13. dxe6 Bxe6 14. Nd5 Nxc4 15. Bxc4 bxc4 16. Bxg7 Kxg7 17. Nf4 d5 18. e5 Nd7 19. h5 g5 20. Nxd5 Nxe5 21. Qc3 f6 22. Ne3 Nd3+ 23. Kf1 Qd4 24. Ngf5+ 1-0

[Event "Pfalz op 10th"]
[Site "Neustadt an der Weinstrasse"]
[Date "2019.03.03"]
[Round "4"]
[White "Brendel, Bergit"]
[Black "Farmani Anosheh, Yasha"]
[Result "0-1"]
[WhiteElo "1965"]
[BlackElo "2157"]
[PlyCount "87"]
[EventDate "2019.03.01"]
[EventType "swiss"]
[EventRounds "9"]
[EventCountry "GER"]
[SourceTitle "CBM 189 Extra"]
[Source "ChessBase"]
[SourceDate "2019.05.31"]
[SourceVersion "1"]
[SourceVersionDate "2019.05.31"]
[SourceQuality "1"]

1. e4 e5 2. Nf3 Nc6 3. Nc3 Nf6 4. d4 exd4 5. Nxd4 Bb4 6. Nxc6 bxc6 7. Bd3 d5 8. exd5 0-0 9. 0-0 cxd5 10. Bg5 c6 11. Na4 Rb8 12. c3 Bd6 13. Bc2 Re8 14. Qd4 Be5 15. Qh4 h6 16. Bf4 Qd6 17. Bxh6 Ng4 18. Bg5 Bxh2+ 19. Kh1 g6 20. Rae1 Ba6 21. Qxg4 Bxf1 22. Rxf1 f5 23. Qf3 Be5 24. g3 Kg7 25. Kg2 Rf8 26. Qe3 f4 27. gxf4 Bxf4 28. Be7 Qd7 29. Bxf8+ Rxf8 30. Qh3 Qe7 31. Qg4 Bg5 32. f4 Qe3 33. Qxg5 Rh8 34. Qxg6+ Kf8 35. Qf6+ Kg8 36. Qd8+ Kg7 37. Qd7+ Kg8 38. Bg6 Qe2+ 39. Kg3 Qh2+ 40. Kf3 Rh3+ 41. Kg4 Rg3+ 42. Kf5 Qh3+ 43. Kf6 Qxd7 44. Re1 0-1

[Event "Pfalz op 10th"]
[Site "Neustadt an der Weinstrasse"]
[Date "2019.03.02"]
[Round "3"]
[White "Hacker, Jonas"]
[Black "Brendel, Bergit"]
[Result "1-0"]
[WhiteElo "2383"]
[BlackElo "1965"]
[PlyCount "93"]
[EventDate "2019.03.01"]
[EventType "swiss"]
[EventRounds "9"]
[EventCountry "GER"]
[SourceTitle "CBM 189 Extra"]
[Source "ChessBase"]
[SourceDate "2019.05.31"]
[SourceVersion "1"]
[SourceVersionDate "2019.05.31"]
[SourceQuality "1"]

1. e4 Nf6 2. e5 Nd5 3. d4 d6 4. Nf3 g6 5. Bc4 c6 6. Nc3 dxe5 7. dxe5 Be6 8. Ng5 Qc7 9. Nxe6 fxe6 10. f4 Nd7 11. Ne4 Bh6 12. Qg4 0-0-0 13. g3 Qb6 14. c3 Kb8 15. Qe2 Nc5 16. Nxc5 Qxc5 17. Bd2 Rhg8 18. h4 Bg7 19. 0-0-0 b5 20. Bb3 a5 21. Bxd5 exd5 22. Be3 Qc4 23. Qxc4 dxc4 24. Bb6 Rxd1+ 25. Rxd1 a4 26. Rd7 Re8 27. a3 Bf8 28. Kd1 h6 29. Ke2 e6 30. Kf3 Kc8 31. Rc7+ Kb8 32. Rh7 c5 33. Bc7+ Kc8 34. Bd6 Bxd6 35. exd6 Rd8 36. Rc7+ Kb8 37. Rxc5 Rxd6 38. Rxb5+ Ka7 39. Rb4 Rd3+ 40. Kg4 h5+ 41. Kh3 Ka6 42. Rxc4 Kb5 43. Rb4+ Ka5 44. Rb8 Re3 45. c4 e5 46. fxe5 Rxe5 47. Ra8+ 1-0

[Event "Erfurt MT op 26th"]
[Site "Erfurt"]
[Date "2016.12.29"]
[Round "6"]
[White "Brendel, Bergit"]
[Black "Schoene, Maria"]
[Result "0-1"]
[WhiteElo "2118"]
[BlackElo "2278"]
[PlyCount "62"]
[EventDate "2016.12.26"]
[EventType "swiss"]
[EventRounds "8"]
[EventCountry "GER"]
[SourceTitle "CBM 176 Extra"]
[Source "ChessBase"]
[SourceDate "2017.03.02"]
[SourceVersion "1"]
[SourceVersionDate "2017.03.02"]
[SourceQuality "1"]

1. e4 d6 2. d4 Nf6 3. Nc3 g6 4. f4 Bg7 5. Nf3 c5 6. Bb5+ Bd7 7. e5 Ng4 8. e6 Bxb5 9. exf7+ Kxf7 10. Ng5+ Kg8 11. Nxb5 Qa5+ 12. Bd2 Qxb5 13. Qxg4 Qd7 14. Qxd7 Nxd7 15. dxc5 Nxc5 16. 0-0-0 h6 17. Nf3 Na4 18. c3 b5 19. Rhe1 Kf7 20. Be3 Rhc8 21. Bd4 Bxd4 22. Rxd4 Rab8 23. Kb1 a5 24. g4 b4 25. cxb4 axb4 26. Nd2 Nc5 27. Ne4 Ne6 28. Rd2 Nxf4 29. Rf2 g5 30. h4 Kg6 31. hxg5 Nd3 0-1

[Event "Politiken Cup 37th"]
[Site "Helsingor"]
[Date "2015.08.01"]
[Round "9"]
[White "Brendel, Bergit"]
[Black "Tandrup, Michael"]
[Result "0-1"]
[WhiteElo "2086"]
[BlackElo "1960"]
[PlyCount "82"]
[EventDate "2015.07.25"]
[EventType "swiss"]
[EventRounds "10"]
[EventCountry "DEN"]
[SourceTitle "CBM 167 Extra"]
[Source "ChessBase"]
[SourceDate "2015.09.14"]
[SourceVersion "1"]
[SourceVersionDate "2015.09.14"]
[SourceQuality "1"]

1. e4 c5 2. Nf3 Nc6 3. d4 cxd4 4. Nxd4 Nf6 5. Nc3 e5 6. Ndb5 d6 7. Bg5 a6 8. Na3 b5 9. Bxf6 gxf6 10. Nd5 Bg7 11. Bd3 Ne7 12. Nxe7 Qxe7 13. c4 bxc4 14. Nxc4 0-0 15. 0-0 Be6 16. Ne3 Kh8 17. Qh5 Rg8 18. Rae1 Bf8 19. Kh1 Rg7 20. b3 Qb7 21. f4 Be7 22. f5 Bd7 23. Rf3 Rag8 24. Rh3 Bc6 25. Ng4 d5 26. Nxe5 Bb4 27. Nxc6 Bxe1 28. exd5 Qd7 29. Qf3 Rxg2 30. Rxh7+ Kxh7 31. Qh3+ Kg7 32. Qxg2+ Kf8 33. Qe4 Bc3 34. Qc4 Ba1 35. Qb4+ Kg7 36. Ne7 Rh8 37. Qg4+ Kf8 38. Qg1 Kxe7 39. Qxa1 Qxd5+ 40. Kg1 Rg8+ 41. Kf2 Qxd3 0-1

[Event "Politiken Cup 37th"]
[Site "Helsingor"]
[Date "2015.07.29"]
[Round "6"]
[White "Roe, Simon J"]
[Black "Brendel, Bergit"]
[Result "1-0"]
[WhiteElo "2240"]
[BlackElo "2086"]
[PlyCount "76"]
[EventDate "2015.07.25"]
[EventType "swiss"]
[EventRounds "10"]
[EventCountry "DEN"]
[SourceTitle "CBM 167 Extra"]
[Source "ChessBase"]
[SourceDate "2015.09.14"]
[SourceVersion "1"]
[SourceVersionDate "2015.09.14"]
[SourceQuality "1"]

1. Nf3 d5 2. c4 e6 3. d4 c5 4. cxd5 exd5 5. Nc3 Nc6 6. dxc5 d4 7. Na4 Bxc5 8. Nxc5 Qa5+ 9. Qd2 Qxc5 10. a3 Bg4 11. b4 Qd5 12. Bb2 Rd8 13. Rd1 Bxf3 14. exf3 a6 15. Bd3 Nge7 16. 0-0 0-0 17. Rfe1 Rd7 18. Qc2 Qh5 19. Re4 Rd6 20. Qe2 Nd5 21. g3 Nf6 22. Rh4 Qe5 23. Qd2 h6 24. Bc4 Qg5 25. f4 Qf5 26. Bd3 Qd7 27. Re1 Re8 28. Rxe8+ Qxe8 29. Qc2 Nd5 30. Rh5 Qe6 31. Qc5 Rd8 32. Kf1 Nf6 33. Rh4 Re8 34. f5 Qe1+ 35. Kg2 Re5 36. Qd6 Qd2 37. Bxd4 Rd5 38. Qf4 Rxd4 1-0

[Event "Rhein Main op-A 18th"]
[Site "Bad Homburg"]
[Date "2015.06.04"]
[Round "3"]
[White "Berchtenbreiter, Maximilian"]
[Black "Brendel, Bergit"]
[Result "1-0"]
[WhiteElo "2394"]
[BlackElo "2058"]
[PlyCount "59"]
[EventDate "2015.06.03"]
[EventType "swiss"]
[EventRounds "7"]
[EventCountry "GER"]
[SourceTitle "CBM 167 Extra"]
[Source "ChessBase"]
[SourceDate "2015.09.14"]
[SourceVersion "1"]
[SourceVersionDate "2015.09.14"]
[SourceQuality "1"]

1. e4 Nf6 2. Nc3 e5 3. f4 d5 4. fxe5 Nxe4 5. d3 Nxc3 6. bxc3 d4 7. Nf3 Nc6 8. cxd4 Nxd4 9. c3 Nxf3+ 10. Qxf3 Be7 11. d4 Be6 12. Bd3 0-0 13. 0-0 c5 14. Be3 Qd7 15. Be4 f6 16. dxc5 Bg4 17. Qg3 f5 18. c6 bxc6 19. Bc2 Kh8 20. Rae1 a5 21. h3 Bh5 22. e6 Qd6 23. Qxd6 Bxd6 24. Rxf5 Rxf5 25. Bxf5 Kg8 26. Rb1 Kf8 27. Rb2 Rb8 28. Rxb8+ Bxb8 29. Bc5+ Ke8 30. Be4 1-0

[Event "Dresden ZMD op 23rd"]
[Site "Dresden"]
[Date "2014.08.23"]
[Round "9"]
[White "Brendel, Bergit"]
[Black "Herbrig, Thomas"]
[Result "1/2-1/2"]
[WhiteElo "2057"]
[BlackElo "1953"]
[PlyCount "89"]
[EventDate "2014.08.15"]
[EventType "swiss"]
[EventRounds "9"]
[EventCountry "GER"]
[SourceTitle "CBM 161 Extra"]
[Source "ChessBase"]
[SourceDate "2014.08.29"]
[SourceVersion "1"]
[SourceVersionDate "2014.08.29"]
[SourceQuality "1"]

1. e4 d5 2. exd5 Qxd5 3. Nc3 Qd6 4. d4 Nf6 5. Bc4 a6 6. Nge2 Qc6 7. Qd3 g6 8. d5 Qd7 9. Bf4 Bg7 10. 0-0-0 0-0 11. h4 b5 12. Bb3 c5 13. dxc6 Qxd3 14. Rxd3 Nxc6 15. Nd5 Ne4 16. Re3 Nxf2 17. Rf1 Ng4 18. Nxe7+ Nxe7 19. Rxe7 Bf6 20. Rc7 Bd8 21. Rc3 Be6 22. h5 Bxb3 23. Rxb3 Re8 24. Ng1 Rc8 25. Rg3 f5 26. hxg6 hxg6 27. Bd2 Kg7 28. Bc3+ Bf6 29. Bxf6+ Nxf6 30. Rd3 Re6 31. Nh3 Re2 32. Rd2 Rxd2 33. Kxd2 Ne4+ 34. Kc1 Kf6 35. Nf2 Ng3 36. Re1 Rh8 37. Re3 f4 38. Ra3 Ra8 39. c4 bxc4 40. Ra4 g5 41. Rxc4 Re8 42. Rc6+ Kf5 43. Rc5+ Ke6 44. Rc6+ Kf5 45. Rc5+ 1/2-1/2

[Event "Dresden ZMD op 23rd"]
[Site "Dresden"]
[Date "2014.08.20"]
[Round "6"]
[White "Urban, Konstantin"]
[Black "Brendel, Bergit"]
[Result "1-0"]
[WhiteElo "1931"]
[BlackElo "2057"]
[PlyCount "69"]
[EventDate "2014.08.15"]
[EventType "swiss"]
[EventRounds "9"]
[EventCountry "GER"]
[SourceTitle "CBM 161 Extra"]
[Source "ChessBase"]
[SourceDate "2014.08.29"]
[SourceVersion "1"]
[SourceVersionDate "2014.08.29"]
[SourceQuality "1"]

1. e4 e5 2. Nf3 Nc6 3. Bb5 a6 4. Bxc6 dxc6 5. 0-0 Bg4 6. h3 Bh5 7. d3 f6 8. Be3 c5 9. Nbd2 Bd6 10. c3 Qd7 11. Nxe5 fxe5 12. Qxh5+ g6 13. Qe2 Nf6 14. Nb3 b6 15. d4 cxd4 16. cxd4 Nh5 17. Qc4 b5 18. Qc3 Nf4 19. Bxf4 exf4 20. e5 Be7 21. Qf3 0-0 22. d5 Rad8 23. Rad1 Rde8 24. Nd4 Kh8 25. Ne6 Rf5 26. Rfe1 Bb4 27. Re4 a5 28. a3 Bf8 29. Rxf4 Rxf4 30. Qxf4 Bg7 31. Rc1 c6 32. Nxg7 Qxg7 33. dxc6 Rc8 34. c7 g5 35. Qf5 1-0

[Event "Rhein Main op-A 17th"]
[Site "Bad Homburg"]
[Date "2014.06.22"]
[Round "7"]
[White "Brendel, Bergit"]
[Black "Oezdemir, Ali Oezden"]
[Result "1-0"]
[WhiteElo "2061"]
[BlackElo "1943"]
[PlyCount "87"]
[EventDate "2014.06.18"]
[EventType "swiss"]
[EventRounds "7"]
[EventCountry "GER"]
[SourceTitle "CBM 161 Extra"]
[Source "ChessBase"]
[SourceDate "2014.08.29"]
[SourceVersion "1"]
[SourceVersionDate "2014.08.29"]
[SourceQuality "1"]

1. e4 c5 2. Nf3 d6 3. d4 cxd4 4. Nxd4 Nf6 5. Nc3 g6 6. Be3 Bg7 7. f3 0-0 8. Qd2 Nc6 9. Bc4 Bd7 10. 0-0-0 Rc8 11. Bb3 Ne5 12. Bg5 Rc5 13. Rhe1 b5 14. f4 Nc4 15. Bxc4 bxc4 16. e5 dxe5 17. Bxf6 Bxf6 18. Ndb5 Bxb5 19. Qxd8 Rxd8 20. Rxd8+ Kg7 21. Ne4 Rc6 22. Nxf6 exf6 23. fxe5 Re6 24. Rd6 Rxe5 25. Rxe5 fxe5 26. Kd2 f6 27. Kc3 Kf7 28. Kb4 Ke7 29. Rd2 a6 30. a4 Bc6 31. Kxc4 Bxa4 32. b3 Bd7 33. Kc5 a5 34. c4 e4 35. Kd4 Bc6 36. Ra2 h5 37. Rxa5 e3 38. Kxe3 Bxg2 39. b4 Bf1 40. c5 Kd7 41. b5 Kc8 42. Kd4 Bg2 43. c6 Kc7 44. Kc5 1-0

[Event "Rhein Main op-A 17th"]
[Site "Bad Homburg"]
[Date "2014.06.19"]
[Round "2"]
[White "Hort, Vlastimil"]
[Black "Brendel, Bergit"]
[Result "1-0"]
[WhiteElo "2427"]
[BlackElo "2061"]
[PlyCount "73"]
[EventDate "2014.06.18"]
[EventType "swiss"]
[EventRounds "7"]
[EventCountry "GER"]
[SourceTitle "CBM 161 Extra"]
[Source "ChessBase"]
[SourceDate "2014.08.29"]
[SourceVersion "1"]
[SourceVersionDate "2014.08.29"]
[SourceQuality "1"]

1. e4 Nf6 2. e5 Nd5 3. d4 d6 4. Nf3 Bg4 5. Be2 c6 6. c4 Nb6 7. exd6 exd6 8. Qb3 N8d7 9. h3 Bh5 10. a4 a5 11. Nc3 Be7 12. g4 Bg6 13. Be3 0-0 14. h4 h5 15. gxh5 Bxh5 16. Ng5 Bxe2 17. Kxe2 d5 18. cxd5 Nxd5 19. Nxd5 cxd5 20. Qxd5 Ra6 21. Rac1 Rb6 22. Rc2 Nf6 23. Qxa5 Rxb2 24. Qxd8 Rxc2+ 25. Kd3 Rd2+ 26. Bxd2 Rxd8 27. Rb1 Rd7 28. Rb5 Ng4 29. Be3 f6 30. Nf3 Nh6 31. Bxh6 gxh6 32. h5 Kf7 33. Nh4 Ba3 34. Nf5 Bf8 35. a5 Ke6 36. Ke4 Kf7 37. Rb6 1-0

[Event "Rhein Main op-A 17th"]
[Site "Bad Homburg"]
[Date "2014.06.18"]
[Round "1"]
[White "Brendel, Bergit"]
[Black "Buss, Alexander"]
[Result "1-0"]
[WhiteElo "2061"]
[BlackElo "1866"]
[PlyCount "71"]
[EventDate "2014.06.18"]
[EventType "swiss"]
[EventRounds "7"]
[EventCountry "GER"]
[SourceTitle "CBM 161 Extra"]
[Source "ChessBase"]
[SourceDate "2014.08.29"]
[SourceVersion "1"]
[SourceVersionDate "2014.08.29"]
[SourceQuality "1"]

1. e4 c5 2. Nf3 Nc6 3. d4 cxd4 4. Nxd4 Nf6 5. Nc3 g6 6. Nxc6 bxc6 7. e5 Nh5 8. Bc4 e6 9. g4 Ng7 10. Qf3 Be7 11. Bh6 0-0 12. Ne4 f5 13. exf6 Bxf6 14. Nxf6+ Qxf6 15. Qxf6 Rxf6 16. 0-0 d5 17. Be2 Rb8 18. Be3 a5 19. Bd4 Rf7 20. c4 Ba6 21. Be5 Rd8 22. Rac1 Ne8 23. Rfe1 Nf6 24. cxd5 Rxd5 25. Bxa6 Nxg4 26. Bc4 Rxe5 27. Rxe5 Nxe5 28. Bxe6 Nd3 29. Rxc6 Kg7 30. Bxf7 Kxf7 31. Ra6 Nxb2 32. Rxa5 h5 33. a4 h4 34. Ra8 g5 35. a5 Nc4 36. a6 1-0

[Event "Dresden ZMD op 22nd"]
[Site "Dresden"]
[Date "2013.08.11"]
[Round "2"]
[White "Brendel, Bergit"]
[Black "Richter, Leonard"]
[Result "0-1"]
[WhiteElo "2033"]
[BlackElo "2020"]
[PlyCount "68"]
[EventDate "2013.08.10"]
[EventType "swiss"]
[EventRounds "9"]
[EventCountry "GER"]
[SourceTitle "CBM 155 Extra"]
[Source "ChessBase"]
[SourceDate "2013.08.26"]
[SourceVersion "1"]
[SourceVersionDate "2013.08.26"]
[SourceQuality "1"]

1. e4 c5 2. Nf3 d6 3. d4 cxd4 4. Nxd4 Nf6 5. Nc3 a6 6. Bg5 e6 7. f4 Nbd7 8. Qe2 Be7 9. 0-0-0 Qc7 10. g4 b5 11. a3 Bb7 12. Bg2 0-0 13. Bxf6 Nxf6 14. g5 Nd7 15. g6 hxg6 16. h4 d5 17. e5 Bxa3 18. Rh3 Bc5 19. h5 Bxd4 20. Rxd4 Rfc8 21. Qg4 Nf8 22. h6 Nd7 23. Rh2 gxh6 24. f5 exf5 25. Qh4 Qxe5 26. Bxd5 Bxd5 27. Nxd5 Re8 28. Rd1 h5 29. Rg2 Rac8 30. Kb1 Qe4 31. Nf4 Ne5 32. Re2 Nf3 33. Qg3 h4 34. Rxe4 hxg3 0-1